II estudios sobre traducción e interpretación
Bewaard in:
| Hoofdauteur: | |
|---|---|
| Andere auteurs: | |
| Formaat: | Boek |
| Taal: | Spaans |
| Gepubliceerd in: |
Málaga
Universidad de Málaga
1998
|
| Onderwerpen: | |
| Tags: |
Voeg label toe
Geen labels, Wees de eerste die dit record labelt!
|
MARC
| LEADER | 00000nam a2200000 a 4500 | ||
|---|---|---|---|
| 001 | UCP9576 | ||
| 003 | CL-VaPUC | ||
| 008 | 000331e19980000SP |||||||||||||||||spa|d | ||
| 082 | 0 | 4 | |a 418.02 |b FER |2 21 |
| 100 | 0 | |a Fernández, Leandro Félix |e author |9 440207 | |
| 700 | |a Ortega Arjonilla, Emilio |e autor |9 485808 | ||
| 245 | 1 | 0 | |a II estudios sobre traducción e interpretación |
| 300 | |a 3 v | ||
| 942 | |c BK | ||
| 945 | |d 20000331 00:00:00 |a rbrito | ||
| 260 | |a Málaga |b Universidad de Málaga |c 1998 | ||
| 650 | 0 | |a Traducción |9 357261 | |
| 650 | 0 | |a Interpretación |9 258846 | |
| 650 | 0 | |a Lingüística aplicada |9 313266 | |
| 583 | |a last modification |c 20000331 00:00:00 |k Rodrigo Vera | ||
| 999 | |c 286375 |d 286373 | ||
| 952 | |0 0 |1 0 |4 0 |6 418_020000000000000_FER_1998 |7 0 |8 R |9 332168 |a BIBEDU |b BIBEDU |c MCIRC |d 2019-11-20 |h v.1 |i 360375K |o 418.02 FER 1998 |p 360375K |r 2023-01-13 |w 2019-11-20 |y BK_R |k CIT | ||
| 952 | |0 0 |1 0 |4 0 |6 418_020000000000000_FER_1998 |7 0 |8 R |9 332169 |a BIBEDU |b BIBEDU |c MCIRC |d 2019-11-20 |h v.2 |i 3603768 |o 418.02 FER 1998 |p 3603768 |r 2023-01-13 |w 2019-11-20 |y BK_R |k CIT | ||
| 952 | |0 0 |1 0 |4 0 |6 418_020000000000000_FER_1998 |7 0 |8 R |9 332170 |a BIBEDU |b BIBEDU |c MCIRC |d 2019-11-20 |h v.3 |i 3603776 |o 418.02 FER 1998 |p 3603776 |r 2023-01-13 |w 2019-11-20 |y BK_R |k CIT | ||